Kvalita a spoľahlivosť strojov medzinárodné sympózium pri Medzinárodnom strojárskom veľtrhu '96 v Nitre, 23.-24. [máj] 1996

Bibliographic Details
Format: Book
Language:Czech
PhysicalDescription:286 s. Grafy, sch., tab. 30 cm
Published: Bratislava Dom techniky ZSVTS 1996
ISBN:8023303619
Subjects:

MARC

LEADER 00000cam a2200000 a 4500
001 vtls001219860
003 SK-MaSNL
005 20260301234105.0
008 250414s1996 xo a r 10000 cze
015 |a SNBA1996/1002835 
020 |a 8023303619 
035 |a SNK000164343 
035 |a urn:nbn:sk:snk-amjsg6 
035 |a urn:nbn:sk:snk:ar-a0b7lc 
035 |a a613cae9-74f4-4222-8767-7acf119e3c70 
040 |a SNK  |b slo  |c SNK  |e AACR2 
041 0 |a cze 
044 |a xo  |c SK 
080 |a 621-192(082)  |2 1981 
245 0 0 |a Kvalita a spoľahlivosť strojov  |b medzinárodné sympózium pri Medzinárodnom strojárskom veľtrhu '96 v Nitre, 23.-24. [máj] 1996 
246 1 0 |a Quality and reliability of machines 
260 |a Bratislava  |b Dom techniky ZSVTS  |c 1996 
300 |a 286 s.  |b Grafy, sch., tab.  |c 30 cm 
500 |a Súbež. náz. angl., čiast. text čes., angl. 
500 |a Aut. kol. 
504 |a Bibliogr. Res. angl., slov. a čes. 
650 0 7 |a stroje  |x kvalita  |x spoľahlivosť  |x zborníky  |2 SNK  |9 298177 
655 7 |a zborníky konferencií  |2 SNKPH  |9 70153 
655 7 |a issue_zb  |2 SNK  |9 276493 
852 |a Slovenská národná knižnica 
919 |a 80-233-0361-9 
954 |a odborná, vedecká literatúra pôvodná (slovenská)  |2 lita 
954 |a odborná, vedecká literatúra cudzojazyčná (svetová)  |2 lita 
958 |a OND 
958 |a ART 
958 |a TL 
958 |a NB 
958 |a EUIPO 
999 |c 968857  |d 970787 
952 |t P60, <04>, [BOOK], {604}  |a SNK  |b SNK  |y VYP  |7 0  |p 17A0008292  |o snkSB 55761 D1  |i snkKSP 6458/96  |0 0  |1 0  |4 0  |d 1996-08-16  |l 0  |r 2005-01-01 00:00:00  |w 2026-02-24 
952 |t P60, <09>, [BOOK], {629}  |a SNK  |b SNK  |y NEVYP  |7 0  |o snkB 762  |i snk2729/960819  |0 0  |1 0  |4 0  |d 1996-08-16  |l 0  |r 2005-01-01 00:00:00  |w 2026-02-24 
952 |t P60, <03>, [BOOK], {603}  |a SNK  |b SNK  |y PREZ  |7 0  |p 17A0008293  |o snkSB 55761  |i snkKSP 6457/96  |0 0  |1 0  |4 0  |d 1996-08-16  |l 0  |r 2025-03-28 00:00:00  |w 2026-02-24